000 00843nam a2200241Ia 4500
003 OSt
005 20220923220305.0
006 a|||||r|||| 00| 0
007 ta
008 220922b |||||||| |||| 00| 0 hin d
024 _a185,739
037 _cTextual
040 _aARTS
_cARTS
_bhin
041 _2hin
_ahin
082 _aY1:351.28252:g, 152K4
100 _aउपाध्याय, चिन्तामणि
_9156299
245 0 _aमालवी लोकगीत
_b एक विवेचनात्मक अध्ययन
246 _aMālavī lokagīta: ek vivechanātmak adhyayana
260 _c1964
650 _aभारतीय-लोक साहित्य
942 _hY1:351.28252:g, 152K4
_cTEXL
_2CC
999 _c338985
_d338985